[Event "II Abierto Veraniego San Sebas"]
[Site "San Sebastián de los Reyes (M"]
[Date "2008.06.20"]
[Round "7.8"]
[White "Montero Garcia, Francisco Javie"]
[Black "Diaz Begonte, Manuel"]
[Result "1/2-1/2"]
[WhiteElo "1902"]
[BlackElo "1875"]
[PlyCount "47"]
[EventDate "2008.06.14"]

1. e4 c6 2. d4 d5 3. exd5 Qxd5 4. c4 Qd8 5. Nc3 Nf6 6. Be3 Bf5 7. Nf3 e6 8. Bd3
Bxd3 9. Qxd3 Bd6 10. O-O Nbd7 11. d5 exd5 12. Rfe1 O-O 13. cxd5 cxd5 14. Nxd5
Ne5 15. Nxf6+ Qxf6 16. Nxe5 Bxe5 17. Rab1 b6 18. b3 Rfd8 19. Qe4 Re8 20. Qb7
Qe7 21. Qxe7 Rxe7 22. Bd4 Rae8 23. Bxe5 Rxe5 24. Kf1 1/2-1/2

[Event "II Abierto Veraniego San Sebas"]
[Site "San Sebastián de los Reyes (M"]
[Date "2008.06.20"]
[Round "7.11"]
[White "Perez Alvarez, Javier"]
[Black "Rodenas Riesco, Alfonso"]
[Result "1-0"]
[WhiteElo "1727"]
[BlackElo "1688"]
[PlyCount "105"]
[EventDate "2008.06.14"]

1. e4 e5 2. Nf3 Nc6 3. d4 exd4 4. Nxd4 Bc5 5. Be3 Nxd4 6. Bxd4 Bxd4 7. Qxd4 Qg5
8. Nc3 Ne7 9. Nb5 c5 10. Qd6 O-O 11. f4 Qf6 12. Qxf6 gxf6 13. Nd6 Rb8 14. Bc4
b6 15. Kf2 Nc6 16. c3 a6 17. Nxc8 Rfxc8 18. Bxa6 Rc7 19. Be2 Ra8 20. Rhd1 Ne7
21. Rd6 Rb8 22. Rad1 Rd8 23. Bb5 Nc8 24. Rxf6 Kg7 25. Rf5 h6 26. Rfd5 d6 27. e5
Ra7 28. a4 Kg6 29. exd6 f6 30. g4 Rg7 31. d7 Na7 32. Bd3+ Kf7 33. Bf5 Nc6 34.
Rd6 Ne7 35. Be6+ Kg6 36. Rxb6 h5 37. gxh5+ Kxh5 38. a5 Rh7 39. a6 Rhh8 40. a7
Ra8 41. d8=Q Rhxd8 42. Rxd8 Rxa7 43. Rd7 Rxd7 44. Bxd7 Nd5 45. Rb5 Nxf4 46.
Rxc5+ Kh6 47. Bf5 Kg5 48. Kf3 Nh5 49. Bg4+ f5 50. Bxh5 Kxh5 51. Rxf5+ Kg6 52.
Kf4 Kh6 53. Rg5 1-0

[Event "II Abierto Veraniego San Sebas"]
[Site "San Sebastián de los Reyes (M"]
[Date "2008.06.21"]
[Round "8.1"]
[White "Suarez Uriel, Adrian"]
[Black "Cruz Condori, Alfredo"]
[Result "1-0"]
[WhiteElo "1981"]
[BlackElo "2160"]
[PlyCount "45"]
[EventDate "2008.06.14"]

1. e4 c5 2. Nf3 e6 3. d4 cxd4 4. Nxd4 a6 5. Nc3 Qc7 6. Be2 Bb4 7. O-O Nf6 8.
Bg5 Bxc3 9. Bxf6 gxf6 10. bxc3 d6 11. f4 Nd7 12. Bh5 Nc5 13. e5 dxe5 14. fxe5
f5 15. Qe2 b6 16. Rad1 Bb7 17. Nxf5 exf5 18. Rxf5 O-O 19. Qg4+ Kh8 20. Qh4 Qc6
21. Bf3 Qg6 22. Rg5 Qxc2 23. Qh6 1-0

[Event "II Abierto Veraniego San Sebas"]
[Site "San Sebastián de los Reyes (M"]
[Date "2008.06.21"]
[Round "8.2"]
[White "Pareja Alvarez, Diego"]
[Black "Adan Bermudez, Sergio"]
[Result "0-1"]
[WhiteElo "1862"]
[BlackElo "2137"]
[PlyCount "36"]
[EventDate "2008.06.14"]

1. e4 c5 2. Nf3 b6 3. Bc4 Bb7 4. Nc3 e6 5. d4 cxd4 6. Nxd4 a6 7. O-O Qc7 8. Bb3
Nc6 9. Be3 Nf6 10. f3 Bd6 11. f4 Nxd4 12. Qxd4 Bc5 13. Qd3 Ng4 14. Bd4 e5 15.
fxe5 Qxe5 16. Bxf7+ Kd8 17. Qh3 Qxd4+ 18. Kh1 Qg1+ 0-1

[Event "II Abierto Veraniego San Sebas"]
[Site "San Sebastián de los Reyes (M"]
[Date "2008.06.21"]
[Round "8.3"]
[White "Camarero Izquierdo, Juan Carlos"]
[Black "Castejon Caballero, Andres"]
[Result "0-1"]
[WhiteElo "1959"]
[BlackElo "2029"]
[PlyCount "86"]
[EventDate "2008.06.14"]

1. e4 c5 2. Nf3 Nc6 3. d4 cxd4 4. Nxd4 Nf6 5. Nc3 e5 6. Ndb5 d6 7. Nd5 Nxd5 8.
exd5 Nb8 9. Be3 Be7 10. Be2 O-O 11. Qd2 a6 12. Nc3 f5 13. f3 Bd7 14. O-O-O b5
15. Rde1 b4 16. Nd1 a5 17. g4 f4 18. Bf2 Na6 19. Bxa6 Rxa6 20. h4 Qb8 21. h5
Rc8 22. Bh4 Bxh4 23. Rxh4 a4 24. Kb1 b3 25. cxb3 axb3 26. Nc3 bxa2+ 27. Ka1 Qb3
28. h6 Be8 29. hxg7 Bg6 30. Rc1 Ra7 31. Rhh1 Rac7 32. Ne4 Rc2 33. Rxc2 Rxc2 34.
Qc3 Rxc3 35. Nxc3 Kxg7 36. Rh2 Bf7 37. Rd2 Qc4 38. Rd1 Bg6 39. Nxa2 Qa4 40. Rd2
Bc2 41. b4 Bb3 42. Kb1 Bxa2+ 43. Rxa2 Qxb4+ 0-1

[Event "II Abierto Veraniego San Sebas"]
[Site "San Sebastián de los Reyes (M"]
[Date "2008.06.21"]
[Round "8.4"]
[White "Madurga Lopez, Ignacio"]
[Black "Vazquez Torres, Adrian"]
[Result "0-1"]
[WhiteElo "1644"]
[BlackElo "1983"]
[PlyCount "104"]
[EventDate "2008.06.14"]

1. e4 c5 2. d4 cxd4 3. c3 dxc3 4. Nxc3 Nc6 5. Bc4 e6 6. Nf3 a6 7. O-O Nge7 8.
Bg5 f6 9. Bh4 Ng6 10. Bg3 b5 11. Bb3 Be7 12. Qe2 O-O 13. Rfd1 Qb6 14. Nd5 exd5
15. exd5 Kh8 16. dxc6 dxc6 17. Rac1 c5 18. Bc2 f5 19. Ne5 Bg5 20. Nxg6+ Qxg6
21. f4 Bf6 22. Bb1 c4 23. b3 c3 24. a3 Bb7 25. Qc2 Be4 26. Qa2 Rac8 27. Bxe4
fxe4 28. Qc2 Qf5 29. Re1 Qc5+ 30. Kh1 Qxa3 31. Rxe4 Qb2 32. h3 Rfd8 33. Kh2
Qxc2 34. Rxc2 Rd1 35. b4 Rb1 36. Be1 Rb2 37. Rc1 h6 38. Kg3 c2 39. Bd2 Bc3 40.
Re2 Bxb4 41. Bxb4 Rxb4 42. Rexc2 Rxc2 43. Rxc2 a5 44. Kg4 Rc4 45. Rd2 b4 46.
Kf5 Kh7 47. Ke5 b3 48. Kd5 Rc2 49. Rd1 b2 50. Rb1 a4 51. Kd4 a3 52. Kd3 Rc1 0-1

[Event "II Abierto Veraniego San Sebas"]
[Site "San Sebastián de los Reyes (M"]
[Date "2008.06.21"]
[Round "8.5"]
[White "Ortega Morales, Pedro"]
[Black "Cavalle Pulla, Daniel"]
[Result "0-1"]
[WhiteElo "1929"]
[BlackElo "1739"]
[PlyCount "68"]
[EventDate "2008.06.14"]

1. d4 Nf6 2. Bf4 g6 3. e3 Bg7 4. Nf3 d6 5. h3 c5 6. c3 Nbd7 7. Be2 O-O 8. O-O
a6 9. a4 b6 10. Nbd2 Bb7 11. Qc2 Qc7 12. Rfc1 Rfc8 13. Bh2 Qc6 14. Bf1 Nf8 15.
c4 cxd4 16. exd4 Ne6 17. Qd1 Qd7 18. b4 Ne4 19. Ra2 Nxd2 20. Qxd2 Bxf3 21. gxf3
Nxd4 22. Qe3 Qf5 23. f4 Ne6 24. Rd2 Bh6 25. Rd5 Bxf4 26. Bxf4 Qxf4 27. Re1 Qxe3
28. Rxe3 a5 29. bxa5 Rxa5 30. Rxa5 bxa5 31. Rb3 Nc5 32. Rb5 Nxa4 33. Rxa5 Nb2
34. Ra7 Kf8 0-1

[Event "II Abierto Veraniego San Sebas"]
[Site "San Sebastián de los Reyes (M"]
[Date "2008.06.21"]
[Round "8.8"]
[White "Montero Garcia, Francisco Javie"]
[Black "Fernandez Gil, Ruben C"]
[Result "1-0"]
[WhiteElo "1902"]
[BlackElo "1559"]
[PlyCount "63"]
[EventDate "2008.06.14"]

1. Nf3 Nc6 2. d4 d5 3. g3 e6 4. Bg2 Nf6 5. O-O Be7 6. c4 O-O 7. a3 a5 8. Qc2 b6
9. cxd5 Qxd5 10. Nh4 Nxd4 11. Qd1 Ne4 12. Nc3 Qd7 13. Bxe4 Nc6 14. Qxd7 Bxd7
15. Rd1 Be8 16. Be3 Rc8 17. Rac1 Ne5 18. Bd3 Bc6 19. Bb5 Bb7 20. Bf4 Ng4 21.
Rd7 Bd8 22. Nf3 Nf6 23. Rdd1 c6 24. Bd3 Re8 25. Ne5 b5 26. Ne4 Nxe4 27. Bxe4
Bf6 28. Rd7 Re7 29. Rcd1 Rxd7 30. Rxd7 Bxe5 31. Bxe5 Ba6 32. Ra7 1-0

[Event "II Abierto Veraniego San Sebas"]
[Site "San Sebastián de los Reyes (M"]
[Date "2008.06.21"]
[Round "8.9"]
[White "Diaz Begonte, Manuel"]
[Black "Martinez Miura, Enrique"]
[Result "1-0"]
[WhiteElo "1875"]
[BlackElo "1761"]
[PlyCount "57"]
[EventDate "2008.06.14"]

1. e4 e6 2. d4 d5 3. exd5 exd5 4. Nf3 Bd6 5. c4 c6 6. c5 Bc7 7. Bd3 h6 8. O-O
Ne7 9. Re1 O-O 10. Qc2 b6 11. b4 bxc5 12. bxc5 Nd7 13. Be3 Re8 14. Nbd2 a5 15.
Nf1 Ba6 16. Bxa6 Rxa6 17. Ng3 Bxg3 18. hxg3 Nf6 19. Ne5 Qa8 20. Rab1 Rb8 21.
Bf4 Rxb1 22. Rxb1 g5 23. Be3 Ne4 24. g4 f5 25. f3 Ng3 26. gxf5 Nexf5 27. Bf2
Qe8 28. Rb7 Qc8 29. Rd7 1-0

[Event "II Abierto Veraniego San Sebas"]
[Site "San Sebastián de los Reyes (M"]
[Date "2008.06.21"]
[Round "8.11"]
[White "Cortijo Manso, Luis"]
[Black "Rodenas Riesco, Alfonso"]
[Result "1-0"]
[WhiteElo "1701"]
[BlackElo "1688"]
[PlyCount "77"]
[EventDate "2008.06.14"]

1. e4 e6 2. d4 d5 3. exd5 Qxd5 4. Nc3 Bb4 5. Nge2 Nf6 6. a3 Bxc3+ 7. Nxc3 Qd7
8. Bg5 Nd5 9. Ne4 b6 10. g3 O-O 11. Bg2 Nc6 12. O-O h6 13. Bd2 Nxd4 14. Bxh6 f5
15. Qxd4 fxe4 16. Bd2 Qf7 17. Qxe4 Rb8 18. Qh4 Ne7 19. Qc4 c5 20. Bf4 b5 21.
Qxc5 Rb6 22. Rad1 Nd5 23. Bxd5 exd5 24. Qxd5 Be6 25. Qd4 Rb7 26. Qe3 Re8 27.
Rfe1 Qf5 28. Qe4 Qf7 29. Bg5 Rbb8 30. Qf4 Qb7 31. Rd3 Bh3 32. Rxe8+ Rxe8 33. f3
Re1+ 34. Kf2 Rf1+ 35. Ke2 Bg2 36. Rd8+ Kh7 37. Qh4+ Kg6 38. Rd6+ Kf7 39. Qh5+
1-0

[Event "II Abierto Veraniego San Sebas"]
[Site "San Sebastián de los Reyes (M"]
[Date "2008.06.22"]
[Round "9.1"]
[White "Castejon Caballero, Andres"]
[Black "Suarez Uriel, Adrian"]
[Result "0-1"]
[WhiteElo "2029"]
[BlackElo "1981"]
[PlyCount "56"]
[EventDate "2008.06.14"]

1. e4 c5 2. Nf3 Nc6 3. Nc3 g6 4. Bb5 Bg7 5. O-O e5 6. d3 Nge7 7. Be3 d6 8. Nd2
O-O 9. Bc4 Be6 10. Nd5 Bxd5 11. Bxd5 Nxd5 12. exd5 Nb4 13. c4 Nxd3 14. a3 f5
15. Nf3 e4 16. Ng5 Qe7 17. Ne6 f4 18. Bd2 Bxb2 19. Rb1 Bd4 20. Qe2 Nxf2 21.
Bxf4 Rxf4 22. Nxf4 Nd1+ 23. Kh1 Nc3 24. Qg4 Nxb1 25. Rxb1 e3 26. h4 Rf8 27. Ne6
Rf5 28. Nf4 Qe4 0-1

[Event "II Abierto Veraniego San Sebas"]
[Site "San Sebastián de los Reyes (M"]
[Date "2008.06.22"]
[Round "9.2"]
[White "Adan Bermudez, Sergio"]
[Black "Negredo Bahamonde, Miguel A"]
[Result "1-0"]
[WhiteElo "2137"]
[BlackElo "1575"]
[PlyCount "71"]
[EventDate "2008.06.14"]

1. c4 e5 2. g3 Nc6 3. Bg2 g6 4. Nc3 Bg7 5. d3 f5 6. e4 Nf6 7. Nge2 d6 8. O-O
O-O 9. exf5 gxf5 10. f4 Ne7 11. fxe5 dxe5 12. d4 e4 13. d5 Qd6 14. Nb5 Qc5+ 15.
Qd4 Qxd4+ 16. Nbxd4 Ng4 17. Nb5 Bd7 18. Nxc7 Rac8 19. d6 Ng6 20. h3 N4e5 21.
Nd4 Nxc4 22. Nce6 Bxe6 23. Nxe6 Rf7 24. Bxe4 Nxd6 25. Bd5 Ne7 26. Bb3 Kh8 27.
Bf4 Ne4 28. Nxg7 Rxg7 29. Be5 Nxg3 30. Kh2 Nxf1+ 31. Rxf1 Ng6 32. Bf6 f4 33.
Rd1 Nf8 34. Rg1 Rcc7 35. Re1 Rcd7 36. Re8 1-0

[Event "II Abierto Veraniego San Sebas"]
[Site "San Sebastián de los Reyes (M"]
[Date "2008.06.22"]
[Round "9.3"]
[White "Vazquez Torres, Adrian"]
[Black "Cavalle Pulla, Daniel"]
[Result "1/2-1/2"]
[WhiteElo "1983"]
[BlackElo "1739"]
[PlyCount "85"]
[EventDate "2008.06.14"]

1. e4 c5 2. Nf3 d6 3. d4 cxd4 4. Nxd4 Nf6 5. Nc3 Nc6 6. Be3 g6 7. Bc4 Bg7 8. h3
Bd7 9. O-O O-O 10. Bb3 Rc8 11. f4 a6 12. Nf3 Qc7 13. f5 b5 14. a3 Na5 15. g4
Nc4 16. Bxc4 Qxc4 17. Nd2 Qc7 18. g5 Nh5 19. Nd5 Qd8 20. Bb6 Qe8 21. f6 exf6
22. gxf6 Nxf6 23. Nxf6+ Bxf6 24. Rxf6 Qe5 25. Qf3 Rxc2 26. Be3 Bxh3 27. Rb1
Rfc8 28. Qf4 Qxf4 29. Rxf4 Re8 30. Kf2 Bd7 31. Ke2 h5 32. Kd3 Rc7 33. Bd4 Bc6
34. Rf6 Re6 35. Rbf1 Rce7 36. Rxe6 Rxe6 37. Rf6 g5 38. Rxe6 fxe6 39. Bf6 g4 40.
Bh4 Kf7 41. Nb3 e5 42. Nd2 Ke6 43. Nf1 1/2-1/2

[Event "II Abierto Veraniego San Sebas"]
[Site "San Sebastián de los Reyes (M"]
[Date "2008.06.22"]
[Round "9.4"]
[White "Cruz Condori, Alfredo"]
[Black "Camarero Izquierdo, Juan Carlos"]
[Result "1-0"]
[WhiteElo "2160"]
[BlackElo "1959"]
[PlyCount "61"]
[EventDate "2008.06.14"]

1. e4 c5 2. Nf3 d6 3. Bb5+ Nc6 4. Bxc6+ bxc6 5. O-O Nf6 6. d3 g6 7. h3 Bg7 8.
e5 Nd5 9. Re1 O-O 10. Na3 Ba6 11. Qe2 Rb8 12. e6 f5 13. Nc4 Bxc4 14. dxc4 Nb6
15. a4 d5 16. cxd5 cxd5 17. Ne5 Qd6 18. a5 Bxe5 19. axb6 Bh2+ 20. Kh1 Rxb6 21.
Rxa7 Re8 22. Rd7 Qb8 23. g3 Bxg3 24. fxg3 Qxg3 25. Qe3 Qxe3 26. Rxe3 d4 27. Re5
Kg7 28. Bg5 h6 29. Rxe7+ Rxe7 30. Bxe7 c4 31. Bd8 1-0

[Event "II Abierto Veraniego San Sebas"]
[Site "San Sebastián de los Reyes (M"]
[Date "2008.06.22"]
[Round "9.5"]
[White "Madurga Lopez, Ignacio"]
[Black "Pareja Alvarez, Diego"]
[Result "1/2-1/2"]
[WhiteElo "1983"]
[BlackElo "1739"]
[PlyCount "73"]
[EventDate "2008.06.14"]

1. e4 c5 2. d4 cxd4 3. c3 dxc3 4. Nxc3 Nc6 5. Nf3 e6 6. Bc4 a6 7. O-O Nge7 8.
Bg5 f6 9. Be3 b5 10. Bb3 Ng6 11. Qe2 Be7 12. Rfd1 O-O 13. Bxe6+ Kh8 14. Rac1
Qe8 15. Bh3 d6 16. Bxc8 Rxc8 17. Nd4 Nxd4 18. Bxd4 Qf7 19. Nd5 Qe6 20. Kf1 Rxc1
21. Rxc1 Rc8 22. Rxc8+ Qxc8 23. Bc3 Bd8 24. f3 Ne7 25. Qd3 Qe6 26. Ke2 Kg8 27.
Nb4 Ng6 28. Bd2 Ne5 29. Qd5 Qxd5 30. Nxd5 Kf7 31. b3 Ke6 32. Bb4 Nc6 33. Bc3
Ne7 34. Nf4+ Kf7 35. Bb4 Bc7 36. Nd5 Nxd5 37. exd5 1/2-1/2

[Event "II Abierto Veraniego San Sebas"]
[Site "San Sebastián de los Reyes (M"]
[Date "2008.06.22"]
[Round "9.6"]
[White "Perez Alvarez, Javier"]
[Black "Ortega Morales, Pedro"]
[Result "1-0"]
[WhiteElo "1727"]
[BlackElo "1929"]
[PlyCount "21"]
[EventDate "2008.06.14"]

1. e4 e5 2. Nf3 Nc6 3. d4 exd4 4. Nxd4 Bc5 5. Be3 Qf6 6. c3 Nge7 7. Bc4 Qg6 8.
O-O Ne5 9. Be2 O-O 10. Nf5 Qc6 11. Bxc5 1-0

[Event "II Abierto Veraniego San Sebas"]
[Site "San Sebastián de los Reyes (M"]
[Date "2008.06.22"]
[Round "9.10"]
[White "Martinez Miura, Enrique"]
[Black "Fernandez Gil, Ruben C"]
[Result "1-0"]
[WhiteElo "1761"]
[BlackElo "1559"]
[PlyCount "71"]
[EventDate "2008.06.14"]

1. e4 e5 2. Nf3 Nc6 3. Bb5 d6 4. d4 exd4 5. Nxd4 Bd7 6. Nxc6 bxc6 7. Bc4 Nf6 8.
Bg5 Be7 9. Bxf6 Bxf6 10. c3 O-O 11. Nd2 Re8 12. O-O Rb8 13. Qc1 c5 14. Re1 Bc6
15. Qc2 Bg5 16. Nf3 Qe7 17. Bd5 Bd7 18. e5 Bf4 19. exd6 Qxd6 20. Rxe8+ Rxe8 21.
Rd1 Qe7 22. h3 Bb5 23. g3 Bd6 24. Re1 Qd7 25. Rxe8+ Qxe8 26. c4 Bd7 27. Ng5
Qe1+ 28. Kg2 g6 29. Nxf7 Be6 30. Bxe6 Qxe6 31. Ng5 Qe7 32. h4 Be5 33. Qe4 Bf6
34. Qd5+ Kh8 35. Ne6 Bxb2 36. Qa8+ 1-0

[Event "II Abierto Veraniego San Sebas"]
[Site "San Sebastián de los Reyes (M"]
[Date "2008.06.22"]
[Round "9.11"]
[White "Rodenas Riesco, Alfonso"]
[Black "Corisco Beltran, Rafael"]
[Result "0-1"]
[WhiteElo "1688"]
[BlackElo "1791"]
[PlyCount "54"]
[EventDate "2008.06.14"]

1. d4 Nf6 2. c4 g6 3. Nf3 Bg7 4. e3 O-O 5. Nbd2 d6 6. b4 c5 7. bxc5 dxc5 8. Bb2
Bf5 9. Be2 Nc6 10. a3 Qb6 11. Rb1 Bxb1 12. Qxb1 Ne8 13. Qc2 cxd4 14. Nxd4 Nxd4
15. Bxd4 Bxd4 16. exd4 Qxd4 17. Nf3 Qa1+ 18. Bd1 Qxa3 19. O-O Nf6 20. Nd4 Rfd8
21. Nb5 Qb4 22. Bf3 Rac8 23. Rb1 Qxc4 24. Qb2 Qc2 25. Qa1 Ne4 26. h3 Nd2 27.
Bd1 Qxb1 0-1